000 00349 a2200157 4500
001 149080
040 _cEscola São Tomás de Aquino
100 _aSAVAGET, Luciana
240 1 0 _aMorrendo de rir
_lpor
245 1 0 _aMorrendo de rir
300 _a32
362 0 _a2006
440 1 _aNova Fronteira
697 _a*LITERATURA INFANTO
942 _cBK
999 _c149080
_d149080